| 000 -LEADER |
| fixed length control field |
01236cam a2200313Mi 4500 |
| 001 - CONTROL NUMBER |
| control field |
.b34697743 |
| 003 - CONTROL NUMBER IDENTIFIER |
| control field |
OCoLC |
| 005 - DATE AND TIME OF LATEST TRANSACTION |
| control field |
20230328105745.0 |
| 008 - FIXED-LENGTH DATA ELEMENTS--GENERAL INFORMATION |
| fixed length control field |
080923s2009 enka j 000 1 eng d |
| 020 ## - INTERNATIONAL STANDARD BOOK NUMBER |
| International Standard Book Number |
9781842707852 |
| Qualifying information |
(pbk.) |
| 035 ## - SYSTEM CONTROL NUMBER |
| System control number |
(OCoLC)828496244 |
| Canceled/invalid control number |
(OCoLC)965969278 |
| 040 ## - CATALOGING SOURCE |
| Original cataloging agency |
ERD |
| Language of cataloging |
eng |
| Description conventions |
rda |
| Transcribing agency |
ERD |
| Modifying agency |
OCLCO |
| -- |
OCLCF |
| -- |
OCLCQ |
| -- |
OCL |
| -- |
CNGUL |
| -- |
CEG |
| -- |
KH8 |
| 042 ## - AUTHENTICATION CODE |
| Authentication code |
nbic |
| 049 ## - LOCAL HOLDINGS (OCLC) |
| Holding library |
CEGA |
| 082 0# - DEWEY DECIMAL CLASSIFICATION NUMBER |
| Classification number |
823.914 MCK |
| 100 1# - MAIN ENTRY--PERSONAL NAME |
| Personal name |
McKee, David, |
| Relator term |
author, |
| -- |
illustrator. |
| 245 10 - TITLE STATEMENT |
| Title |
Elmer and the stranger / |
| Statement of responsibility, etc. |
David McKee. |
| 250 ## - EDITION STATEMENT |
| Edition statement |
Paperback edition. |
| 260 ## - PUBLICATION, DISTRIBUTION, ETC. |
| Date of publication, distribution, etc. |
2009. |
| 264 #1 - PRODUCTION, PUBLICATION, DISTRIBUTION, MANUFACTURE, AND COPYRIGHT NOTICE |
| Place of production, publication, distribution, manufacture |
London : |
| Name of producer, publisher, distributor, manufacturer |
Andersen press, |
| Date of production, publication, distribution, manufacture, or copyright notice |
2009. |
| 300 ## - PHYSICAL DESCRIPTION |
| Extent |
29 unnumbered pages : |
| Other physical details |
color illustrations ; |
| Dimensions |
28 cm. |
| 336 ## - CONTENT TYPE |
| Content type term |
text |
| Content type code |
txt |
| Source |
rdacontent. |
| 337 ## - MEDIA TYPE |
| Media type term |
unmediated |
| Media type code |
n |
| Source |
rdamedia. |
| 338 ## - CARRIER TYPE |
| Carrier type term |
volume |
| Carrier type code |
nc |
| Source |
rdacarrier. |
| 500 ## - GENERAL NOTE |
| General note |
Originally published: 2000. |
| 520 ## - SUMMARY, ETC. |
| Summary, etc. |
Is there a difference between a bounce and a jump? Kangaroo thinks there is, and he is very concerned he is going to look silly in the upcoming jumping competition, until Elmer helps him discover that the one will do just as well as the other. |
| 650 #0 - SUBJECT ADDED ENTRY--TOPICAL TERM |
| Topical term or geographic name entry element |
Elmer (Fictitious character : McKee) |
| Form subdivision |
Pictorial works |
| -- |
Juvenile fiction. |
| 942 ## - ADDED ENTRY ELEMENTS (KOHA) |
| Source of classification or shelving scheme |
|
| Koha item type |
Books - Non Ficton |